000 00285nam a22001337a 4500
999 _c54975
_d54975
008 200203b ||||| |||| 00| 0 eng d
041 _aeng
080 _a043.3
082 _a043.3
100 _a0
101 _aBTH
245 _aKonvikt për Student
_cSylejmani,E
942 _2udc
_cBK